|
|
|
|
| LEADER |
01354nam a2200337 a 4500 |
| 001 |
37837 |
| 003 |
BD-DhAAL |
| 005 |
20220227113136.0 |
| 008 |
220227t1998 maua b 000 0 eng d |
| 999 |
|
|
|c 43593
|d 43593
|
| 010 |
|
|
|a 97031589
|
| 020 |
|
|
|a 0205278892 (pbk.)
|
| 020 |
|
|
|a 9780205278893
|
| 040 |
|
|
|a DLC
|c DLC
|d DLC
|d BD-DhAAL
|
| 050 |
0 |
0 |
|a LB1051
|b .R386 1998
|
| 082 |
0 |
0 |
|a 370.15
|2 21
|
| 245 |
0 |
0 |
|a Readings in educational psychology /
|c edited by Anita E. Woolfolk.
|
| 250 |
|
|
|a Second edition
|
| 260 |
|
|
|a Boston :
|b Allyn and Bacon,
|c c1998.
|
| 300 |
|
|
|a v, 266 pages :
|b illustrations ;
|c 28 cm.
|
| 500 |
|
|
|a Revised edition of: Readings and cases in educational psychology. c1993.
|
| 504 |
|
|
|a Includes bibliographical references.
|
| 526 |
|
|
|a BIED
|
| 541 |
|
|
|a Complimentary copy from BIED
|e 37837
|
| 650 |
|
0 |
|a Educational psychology.
|9 46119
|
| 650 |
|
0 |
|a Educational psychology
|x Case studies.
|9 46120
|
| 700 |
1 |
|
|a Hoy, Anita Woolfolk,
|d 1947-
|9 46121
|
| 730 |
0 |
|
|a Readings and cases in educational psychology.
|9 46122
|
| 852 |
|
|
|a Ayesha Abed Library
|c BIED Collection
|
| 942 |
|
|
|2 ddc
|c BK
|
| 952 |
|
|
|0 0
|1 0
|2 ddc
|4 0
|6 370_150000000000000_REA
|7 0
|9 69908
|a BRACUL
|b BRACUL
|c GEN
|d 2022-02-27
|e Complimentary copy from BIED
|l 1
|m 1
|o 370.15 REA
|p 3010037837
|r 2024-02-12
|s 2024-02-05
|t 1
|w 2022-02-27
|y BK
|x Transferred from BIED to General Stacks
|